| 000 | 01117pam a2200289 a 4500 | ||
|---|---|---|---|
| 999 |
_c647 _d647 |
||
| 001 | 2502902 | ||
| 003 | GZU | ||
| 005 | 20200909154840.0 | ||
| 008 | 920129s1992 enk b 001 0 eng | ||
| 010 | _a 92004991 | ||
| 020 | _a0521430186 | ||
| 020 | _a9780521430180 | ||
| 040 |
_aDLC _cDLC _dDLC |
||
| 050 | 0 | 0 |
_aB395 _b.CAM 1992 |
| 245 | 0 | 4 |
_aThe Cambridge companion to Plato / _cedited by Richard Kraut. |
| 260 |
_aCambridge ; _aNew York : _bCambridge University Press, _c1992. |
||
| 300 |
_axiv, 560 p. ; _c24 cm. |
||
| 500 | _aIncludes bibliographical references (p. 493-529) and indexes. | ||
| 504 | _aIncludes bibliographical references (p. 493-529) and indexes. | ||
| 600 | 0 | 0 | _aPlato. |
| 700 | 1 |
_aKraut, Richard, _d1944- |
|
| 856 | 4 | 2 |
_3Publisher description _uhttp://www.loc.gov/catdir/description/cam025/92004991.html |
| 856 | 4 | 1 |
_3Table of contents _uhttp://www.loc.gov/catdir/toc/cam025/92004991.html |
| 906 |
_a7 _bcbc _corignew _d1 _eocip _f19 _gy-gencatlg |
||
| 942 |
_2lcc _cBK _h395 _iCAM _kB |
||